Chiến lược Marketing: Hoàn thiện hệ thống bán lẻ tại Việt Nam

Сохранить в:
Библиографические подробности
Главный автор:  Ngô Công Thành
Формат: Sách
Язык:Undetermined
Опубликовано:  Lao động  2009
Предметы:
Метки: Добавить метку
Нет меток, Требуется 1-ая метка записи!
Thư viện lưu trữ: Trung tâm Thư viện - Trường Đại học Công nghiệp TP. Hồ Chí Minh
LEADER 00556nam a2200157Ia 4500
001 UIH_04940
008 231011s9999 xx 000 0 und d
082 |a  658.87 
100 |a  Ngô Công Thành 
245 0 |a  Chiến lược Marketing: Hoàn thiện hệ thống bán lẻ tại Việt Nam 
245 0 |c  Ngô Công Thành 
260 |b  Lao động 
260 |c  2009 
650 |a  Quản trị tiếp thị;  
927 |a Sách 
980 |a Trung tâm Thư viện - Trường Đại học Công nghiệp TP. Hồ Chí Minh